[Event "Welcome Tournament for New Players #5c"]
[Site "SchemingMind.com"]
[Date "2008.03.25"]
[Round "-"]
[White "Chessmaster46"]
[Black "Peneano"]
[Result "1-0"]
[WhiteCountry "USA"]
[BlackCountry "ARG"]
[WhiteElo "1857"]
[WhiteRD "162"]
[BlackElo "1820"]
[BlackRD "111"]
[GameID "147324"]

1. e4 c5 2. Nf3 d6 3. d4 cxd4 4. Nxd4 e5 5. Bb5+ Bd7 6. Bxd7+ Qxd7 7. Ne2 Nf6 8. Nbc3 Nc6 9. Bg5 Be7 10. f3 h6
11. Be3 O-O 12. Qd2 Rad8 13. O-O-O Na5 14. b3 a6 15. Bb6 Nxb3+ 16. cxb3 Rc8 17. Kb2 Rc6 18. Be3 d5 19. Nxd5 Nxd5 20. exd5 Rg6
21. Nc3 f5 22. g3 Qd6 23. Rc1 Qa3+ 24. Kb1 Rc8 25. Na4 Rxc1+ 26. Rxc1 b5 27. Rc8+ Kh7 28. Bc5 Bxc5 29. Nxc5 a5 30. d6 a4
31. d7 axb3 32. d8=Q bxa2+ 33. Qxa2 Qb4+ 34. Kc2 Rf6 35. Qxf6 gxf6 36. Qf7#
1-0

[Event "Welcome Tournament for New Players #5c"]
[Site "SchemingMind.com"]
[Date "2008.03.25"]
[Round "-"]
[White "Peneano"]
[Black "Chessmaster46"]
[Result "0-1"]
[WhiteCountry "ARG"]
[BlackCountry "USA"]
[WhiteElo "1773"]
[WhiteRD "98"]
[BlackElo "1911"]
[BlackRD "152"]
[GameID "147325"]

1. e4 c5 2. Nf3 d6 3. d4 cxd4 4. Nxd4 Nf6 5. Nc3 a6 6. Bd3 e5 7. Nf3 Be7 8. O-O O-O 9. Nd5 Nxd5 10. exd5 f5
11. Bc4 Bf6 12. c3 b5 13. Bb3 Nd7 14. a4 Bb7 15. axb5 axb5 16. Be3 f4 17. Rxa8 Qxa8 18. Bd2 Nb6 19. Qe2 Nc4 20. Bxc4 bxc4
21. Qxc4 Ba6 22. Qc6 Qxc6 23. dxc6 Bxf1 24. Kxf1 Rc8 25. b4 Rxc6 26. Ke2 Kf7 27. Ne1 g5 28. f3 h5 29. h3 d5 30. Nd3 Ra6
31. Nc5 Ra2 32. Nd7 e4 33. Nxf6 e3 34. Nh7 Rxd2+ 35. Kf1 Rd1+ 36. Ke2 Rg1 37. g4 fxg3 38. Nxg5+ Kf6 39. f4 g2 40. Kxe3 Re1+
41. Kd4 g1=Q+ 42. Kxd5 Qe3
0-1

[Event "Welcome Tournament for New Players #5c"]
[Site "SchemingMind.com"]
[Date "2008.03.25"]
[Round "-"]
[White "ahyum"]
[Black "Peneano"]
[Result "1-0"]
[WhiteCountry "PHI"]
[BlackCountry "ARG"]
[WhiteElo "1922"]
[WhiteRD "175"]
[BlackElo "1666"]
[BlackRD "155"]
[GameID "147646"]

1. e4 c5 2. Nf3 e6 3. d4 d5 4. exd5 cxd4 5. Qxd4 Qxd5 6. Qxd5 exd5 7. Nc3 Bb4 8. Bd2 Nf6 9. a3 Bc5 10. Bb5+ Bd7
11. O-O O-O 12. Bxd7 Nbxd7 13. b4 Bb6 14. Be3 Bxe3 15. fxe3 Rac8 16. Nb5 Rxc2 17. Nxa7 Re8 18. Rfe1 Ng4 19. Nd4 Rc3 20. Nf5 Ndf6
21. Nb5 Rb3 22. Rac1 g6 23. Nbd6 Rb8 24. Nd4 Rxa3 25. Rc7 Rxe3 26. Rxe3 Nxe3 27. Nxf7 Nf5 28. Nxf5 gxf5 29. Nh6+ Kh8 30. Nxf5 b5
31. Rc5 h5 32. Nd4 Kg7 33. Rxb5 Rxb5 34. Nxb5 Kf7 35. Nd4 Nd7 36. Kf2 Kf6 37. Ke3 Nb6 38. Kf4 Nc4 39. b5 Nb6 40. h3 Nd7
41. g4 hxg4 42. hxg4 Nb6 43. g5+ Kg6 44. Nf3 Kg7 45. Ke5 Kg6 46. Kd4 Na4 47. Kxd5 Nc3+ 48. Kc6 Nxb5 49. Kxb5 Kf5 50. Kc5 Ke6
51. Nd4+ Ke5 52. Kc6
1-0

[Event "Welcome Tournament for New Players #5c"]
[Site "SchemingMind.com"]
[Date "2008.03.25"]
[Round "-"]
[White "ahyum"]
[Black "Chessmaster46"]
[Result "1-0"]
[WhiteCountry "PHI"]
[BlackCountry "USA"]
[WhiteElo "2014"]
[WhiteRD "125"]
[BlackElo "1857"]
[BlackRD "162"]
[GameID "147648"]

1. e4 c5 2. Nf3 d6 3. d4 cxd4 4. Nxd4 Nf6 5. Bb5+ Bd7 6. Nc3 Nc6 7. Bg5 e6 8. Nxc6 bxc6 9. Ba4 e5 10. h3 h6
11. Bxf6 Qxf6 12. Qe2 Qd8 13. Qc4 Qb6 14. O-O-O Be7 15. Bb3 Be6 16. Qa4 Bxb3 17. Qxb3 O-O 18. Qxb6 axb6 19. g4 b5 20. a3 Rfd8
21. h4 Rdb8 22. Kd2 b4 23. axb4 Rxb4 24. b3 Ra5 25. Ke3 Rc5 26. Rd3 g6 27. f3 Kg7 28. Rh2 Rb7 29. Na4 Ra5 30. Rc3 Ra6
31. Rd3 Rb8 32. Rh1 Rd8 33. Rhd1 Ra5 34. Rc3 d5 35. Rxc6 d4+ 36. Kd3 Bxh4 37. Rh1 Bg5 38. Nb2 Ra2 39. Nc4 Bf4 40. Rc5 Kf6
41. b4 Rda8 42. b5 Ra1 43. Rxa1 Rxa1 44. Rc6+ Ke7 45. b6 Rd1+= 46. Ke2 Rb1 47. Na5 Rb5 48. Rc7+ Kd6 49. Nb7+ Ke6 50. Nd8+ Kd6
51. Nxf7+ Ke6 52. b7 Bg5 53. Nxe5 Kd6 54. Rc6+ Ke7 55. Rxg6 Bf4 56. Rg7+ Kd6 57. Nd3 Bg5 58. f4 Be7 59. e5+ Kd7 60. f5 Ke8
61. Rg8+ Bf8 62. e6
1-0

[Event "Welcome Tournament for New Players #5c"]
[Site "SchemingMind.com"]
[Date "2008.03.25"]
[Round "-"]
[White "Peneano"]
[Black "ahyum"]
[Result "0-1"]
[WhiteCountry "ARG"]
[BlackCountry "PHI"]
[WhiteElo "1666"]
[WhiteRD "155"]
[BlackElo "1922"]
[BlackRD "175"]
[GameID "147649"]

1. e4 e5 2. Nf3 Nc6 3. d4 exd4 4. Nxd4 Qf6 5. Nb5 Bc5 6. Qe2 Bb6 7. N5c3 d6 8. Be3 Bxe3 9. Qxe3 Nge7 10. Nd2 O-O
11. O-O-O a6 12. f4 b5 13. Nd5 Nxd5 14. exd5 Bg4 15. Ne4 Qg6 16. Rd2 Rae8 17. Bd3 f5 18. Re1 fxe4 19. Bxe4 Bf5 20. dxc6 Bxe4
21. Rde2 d5 22. Qc5 Rxf4 23. g3 Rf6 24. Rxe4 dxe4 25. Qd5+ Kh8 26. Qd7 Rd6 27. Qxc7 e3 28. c3 Rd2 29. Qxg7+ Kxg7 30. Rxe3 Qc2#
0-1

[Event "Welcome Tournament for New Players #5c"]
[Site "SchemingMind.com"]
[Date "2008.03.25"]
[Round "-"]
[White "Chessmaster46"]
[Black "ahyum"]
[Result "1/2-1/2"]
[WhiteCountry "USA"]
[BlackCountry "PHI"]
[WhiteElo "1857"]
[WhiteRD "162"]
[BlackElo "2014"]
[BlackRD "125"]
[GameID "147651"]

1. e4 e5 2. Nc3 Nf6 3. Bc4 Nxe4 4. Qh5 Nd6 5. Bb3 Be7 6. Nf3 Nc6 7. Nxe5 O-O 8. O-O Nxe5 9. Qxe5 Bf6 10. Qf4 a6
11. a4 Bg5 12. Qf3 Rb8 13. d4 Bxc1 14. Raxc1 b5 15. axb5 axb5 16. Rfe1 Bb7 17. Qf4 Re8 18. Rxe8+ Qxe8 19. Nd5 Bxd5 20. Bxd5 Qe2
21. Bf3 Qc4 22. g3 Re8 23. Kg2 Qa2 24. b3 Qb2 25. h4 h6 26. d5 b4 27. Qd2 Kh7 28. Rd1 f5 29. h5 Kh8 30. Qd3 Kg8
31. Rd2 Re1 32. Re2 Ra1 33. Re7 Qc1 34. Kh3 Ne4 35. Bxe4 Qg5 36. Rxg7+ Kxg7 37. Bf3 Rc1 38. Qc4 Qd8 39. Qf4 Qg5 40. Qxc7 Qe7
41. Qf4 Rxc2 42. Qxf5 Rxf2 43. Qg6+ Kf8 44. Qxh6+ Kg8 45. Qg6+ Kh8 46. Bg4 Qe1 47. Bxd7 Qh1+ 48. Kg4 Qd1+ 49. Kh4 Rh2+ 50. Kg5 Qxd5+
51. Bf5 Qd2+ 52. Kg4 Qe2+ 53. Kg5 Qe3+ 54. Kf6 Qd4+ 55. Kf7 Qd5+ 56. Kf6 Qd6+ 57. Kf7 Qc7+ 58. Kf8= Qd8+ 59. Kf7 Qc7+ 60. Kf8 Qc5+
61. Kf7 Qc7+ 62. Kf8=
1/2-1/2

[Event "Welcome Tournament for New Players #5c"]
[Site "SchemingMind.com"]
[Date "2008.03.25"]
[Round "-"]
[White "biszek"]
[Black "Peneano"]
[Result "0-1"]
[WhiteCountry "POL"]
[BlackCountry "ARG"]
[WhiteElo "1404"]
[WhiteRD "276"]
[BlackElo "1813"]
[BlackRD "119"]
[GameID "147657"]

1. e4 c5 2. Nf3 d6 3. d4 cxd4 4. Nxd4 Nf6 5. Nc3 a6 6. Be2 e5 7. Nf3 Nc6 8. Bg5 Be7 9. Qd2 Be6= 10. O-O-O O-O
11. Kb1 Ne8 12. Bxe7 Qxe7 13. g3 Rd8 14. Nh4 Nf6 15. f4 Bg4 16. Bxg4 Nxg4 17. Nf5 Qe6 18. Ne3 Nxe3
0-1

[Event "Welcome Tournament for New Players #5c"]
[Site "SchemingMind.com"]
[Date "2008.03.25"]
[Round "-"]
[White "biszek"]
[Black "ahyum"]
[Result "0-1"]
[WhiteCountry "POL"]
[BlackCountry "PHI"]
[WhiteElo "1204"]
[WhiteRD "166"]
[BlackElo "2014"]
[BlackRD "125"]
[GameID "147659"]

1. e4 e5 2. Nf3 Nc6 3. Bb5 Nd4 4. Nxd4 exd4 5. O-O Bc5 6. d3 c6 7. Bc4 b5 8. Bxf7+ Kxf7 9. Qh5+ g6 10. Qxc5 Nf6
11. Qxd4 Qb6 12. Qd6 Qb8 13. Qxb8 Rxb8 14. Be3 a5 15. Bd4 d6 16. Bxf6 Kxf6 17. d4 Rf8 18. Nd2 Be6 19. f4 Ke7 20. h3 h5
21. h4 a4
0-1

[Event "Welcome Tournament for New Players #5c"]
[Site "SchemingMind.com"]
[Date "2008.03.25"]
[Round "-"]
[White "biszek"]
[Black "Chessmaster46"]
[Result "0-1"]
[WhiteCountry "POL"]
[BlackCountry "USA"]
[WhiteElo "1204"]
[WhiteRD "166"]
[BlackElo "1857"]
[BlackRD "162"]
[GameID "147660"]

1. e4 e6 2. d4 d5 3. e5 c5 4. c3 Nc6 5. Nf3 Qb6 6. a3 Nh6 7. b4 cxd4 8. cxd4 Nf5 9. Bb2 Bd7 10. g4 Nfe7
11. Nc3 Na5 12. Nd2 Rc8 13. Na4 Qc6
0-1

[Event "Welcome Tournament for New Players #5c"]
[Site "SchemingMind.com"]
[Date "2008.03.25"]
[Round "-"]
[White "Peneano"]
[Black "biszek"]
[Result "1-0"]
[WhiteCountry "ARG"]
[BlackCountry "POL"]
[WhiteElo "1820"]
[WhiteRD "111"]
[BlackElo "1204"]
[BlackRD "166"]
[GameID "147661"]

1. e4 e5 2. Nf3 Nc6 3. Bc4 Bc5 4. c3 Nf6 5. d4 exd4 6. Bd2 d3 7. Bxd3 d6 8. Bb5 O-O 9. Bxc6 bxc6 10. b4 Bb6
11. Qe2 Nxe4 12. O-O Nxd2 13. Nbxd2 Re8 14. Qd3 a5 15. a3 Ba6 16. c4 d5 17. b5 cxb5 18. cxb5 Bb7 19. a4 Qf6 20. Rfe1 h5
21. Rf1
1-0

[Event "Welcome Tournament for New Players #5c"]
[Site "SchemingMind.com"]
[Date "2008.03.25"]
[Round "-"]
[White "ahyum"]
[Black "biszek"]
[Result "1-0"]
[WhiteCountry "PHI"]
[BlackCountry "POL"]
[WhiteElo "2014"]
[WhiteRD "125"]
[BlackElo "1204"]
[BlackRD "166"]
[GameID "147663"]

1. d4 Nf6 2. Nf3 d5 3. e3 Bg4 4. c4 c6 5. c5 Nbd7 6. h3 Bh5 7. Be2 Qc7 8. Nc3 e5 9. dxe5 Nxe5 10. b4 a5
11. Nxe5 Bxe2 12. Qd4 Ba6 13. a3 Be7 14. Bb2 O-O 15. Na4 Rad8 16. Nb6 Rfe8 17. Ng4 h5 18. Ne5 Bf8 19. g4 h4 20. g5 Ne4
21. Rg1
1-0

[Event "Welcome Tournament for New Players #5c"]
[Site "SchemingMind.com"]
[Date "2008.03.26"]
[Round "-"]
[White "Chessmaster46"]
[Black "biszek"]
[Result "1-0"]
[WhiteCountry "USA"]
[BlackCountry "POL"]
[WhiteElo "1857"]
[WhiteRD "162"]
[BlackElo "1204"]
[BlackRD "166"]
[GameID "147664"]

1. e4 e5 2. f4 exf4 3. Nf3 g5 4. Bc4 Bg7 5. O-O d6 6. c3 h6 7. g3 g4 8. Nh4 f3 9. d4 Ne7 10. Qb3 O-O
11. h3 Nbc6 12. hxg4
1-0

[Event "Welcome Tournament for New Players #5c"]
[Site "SchemingMind.com"]
[Date "2008.03.31"]
[Round "-"]
[White "ufonaut"]
[Black "Peneano"]
[Result "0-1"]
[WhiteCountry "AUS"]
[BlackCountry "ARG"]
[WhiteElo "1482"]
[WhiteRD "189"]
[BlackElo "1732"]
[BlackRD "130"]
[GameID "148083"]

1. e4 c5 2. Nf3 Nc6 3. d4 cxd4 4. Nxd4 d5 5. Nc3 e5 6. Nxc6 bxc6 7. exd5 Bb4 8. Bc4 Nf6 9. O-O Bxc3 10. bxc3 cxd5
11. Bb5+ Bd7 12. c4 Bxb5 13. cxb5 O-O 14. Bg5 d4 15. Bxf6 Qxf6 16. Re1 Rfe8 17. Qd3 Rac8 18. c4 a6 19. a4 Qe6 20. Rac1 Rc5
21. f4 f6 22. fxe5 Rxe5 23. Rxe5 fxe5 24. c5 e4 25. Qxd4 e3 26. Re1 e2 27. Qd3 axb5 28. axb5 Qe5 29. c6 Qc5+
0-1

[Event "Welcome Tournament for New Players #5c"]
[Site "SchemingMind.com"]
[Date "2008.03.30"]
[Round "-"]
[White "ufonaut"]
[Black "ahyum"]
[Result "0-1"]
[WhiteCountry "AUS"]
[BlackCountry "PHI"]
[WhiteElo "1545"]
[WhiteRD "210"]
[BlackElo "1922"]
[BlackRD "175"]
[GameID "148085"]

1. e4 c5 2. Nf3 Nf6 3. Nc3 d6 4. Bc4 Nc6 5. d3 a6 6. Nd5 Na5 7. b3 Nxd5 8. exd5 b5 9. O-O bxc4 10. dxc4 e5
11. dxe6 fxe6 12. Bg5 Be7 13. Qd2 O-O 14. Bxe7 Qxe7 15. Qxa5 Rxf3 16. gxf3 Qg5+ 17. Kh1 Bb7 18. Qc3 Qg4 19. Rg1 Bxf3+ 20. Qxf3 Qxf3+
21. Rg2 Rf8 22. Kg1 Qc3 23. Rd1 Qxc2 24. Rxd6 Qb1+
0-1

[Event "Welcome Tournament for New Players #5c"]
[Site "SchemingMind.com"]
[Date "2008.03.30"]
[Round "-"]
[White "ufonaut"]
[Black "Chessmaster46"]
[Result "0-1"]
[WhiteCountry "AUS"]
[BlackCountry "USA"]
[WhiteElo "1642"]
[WhiteRD "147"]
[BlackElo "1958"]
[BlackRD "141"]
[GameID "148086"]

1. d4 Nf6 2. Nf3 g6 3. c4 d5 4. e3 Bg7 5. c5 O-O 6. Nc3 c6 7. Be2 Nbd7 8. O-O Re8 9. Ne5 Nxe5 10. dxe5 Nd7
11. e4 e6 12. Be3 Bxe5 13. Bd4 Bxd4 14. Qxd4 e5 15. Qd2 Nxc5 16. exd5 cxd5 17. Qxd5 Qxd5 18. Nxd5 Rd8 19. Rfd1 Bf5 20. Rac1 Ne6
21. g4 Nd4 22. Rd2 Rxd5 23. gxf5 Nf3+ 24. Bxf3 Rxd2 25. Bxb7 Rad8 26. Bf3 gxf5 27. Rc5 e4 28. Bh5 f4
0-1

[Event "Welcome Tournament for New Players #5c"]
[Site "SchemingMind.com"]
[Date "2008.04.02"]
[Round "-"]
[White "ufonaut"]
[Black "biszek"]
[Result "1-0"]
[WhiteCountry "AUS"]
[BlackCountry "POL"]
[WhiteElo "1530"]
[WhiteRD "159"]
[BlackElo "1204"]
[BlackRD "166"]
[GameID "148087"]

1. d4 Nf6 2. c4 e6 3. Nc3 Bb4 4. a3 Bxc3+ 5. bxc3 c5 6. g3 O-O 7. Bg2 d6 8. e3 Nc6 9. Rb1 Qa5 10. Ne2 cxd4
11. Rb5 Qc7 12. cxd4 Bd7 13. O-O
1-0

[Event "Welcome Tournament for New Players #5c"]
[Site "SchemingMind.com"]
[Date "2008.04.02"]
[Round "-"]
[White "Peneano"]
[Black "ufonaut"]
[Result "1/2-1/2"]
[WhiteCountry "ARG"]
[BlackCountry "AUS"]
[WhiteElo "1773"]
[WhiteRD "98"]
[BlackElo "1571"]
[BlackRD "154"]
[GameID "148088"]

1. Nf3 d5 2. d4 Nc6 3. Nc3 e6 4. e3 Bd6 5. Bb5 Bd7 6. Bxc6 Bxc6 7. Ne5 Qg5 8. Ng4 Nf6 9. Nxf6+ Qxf6 10. Qe2 a6
11. Bd2 Qg6 12. f3 Qxc2 13. O-O Bb5 14. Nxb5 axb5 15. Qxb5+ c6 16. Qxb7 O-O 17. Bc3 Rfb8 18. Qxc6 Bb4 19. Rfc1 Qd3 20. Bxb4 Qxe3+
21. Kf1 Qd3+ 22. Ke1 Qe3+ 23. Kf1 Qd3+ 24. Kg1 Qxd4+ 25. Kh1 Qxb4 26. Rc2 g6 27. a4 Ra5 28. Qc3 Rxa4 29. Rac1 d4 30. Qd3 Qa5
31. Rc4 Ra1 32. Qxd4 Qe1+ 33. Qg1 Qxg1+ 34. Rxg1 Ra2 35. b4 Rd8 36. b5 Rb2 37. Rc5 Rd4 38. h3 h5 39. Rc8+ Kg7 40. Rb8 e5
41. b6 e4 42. fxe4 Rxe4 43. Rb7 Rf4 44. Kh2 h4 45. Kh1 Rff2 46. Rb8 f5 47. Rb7+ Kh6 48. Rb8 Rf4 49. Rc1 Rfb4 50. Rc6 Rb1+
51. Kh2 Rf1 52. Rg8 Rbb1 53. Rcxg6+ Kh5 54. Rg5+ Kh6 55. R5g6+ Kh7 56. R8g7+ Kh8 57. Rg8+ Kh7 58. R6g7+=
1/2-1/2

[Event "Welcome Tournament for New Players #5c"]
[Site "SchemingMind.com"]
[Date "2008.03.30"]
[Round "-"]
[White "ahyum"]
[Black "ufonaut"]
[Result "1-0"]
[WhiteCountry "PHI"]
[BlackCountry "AUS"]
[WhiteElo "1922"]
[WhiteRD "175"]
[BlackElo "1545"]
[BlackRD "210"]
[GameID "148090"]

1. Nf3 d5 2. c4 c6 3. d4 Nf6 4. e3 dxc4 5. Bxc4 e6 6. a3 c5 7. O-O Nbd7 8. Nc3 a6 9. a4 b6 10. d5 exd5
11. Nxd5 Bd6 12. Nxf6+ Qxf6 13. Bxf7+ Kxf7 14. Qd5+ Ke7 15. Qxa8 Ne5 16. Nxe5 Qxe5 17. f4 Qf6 18. Qa7+ Bd7 19. Qxb6 Bc8 20. Rd1 Rd8
21. e4 Qg6 22. e5 Ke6 23. Qxd8 Bb7 24. Rxd6+ Kf5 25. Qd7+
1-0

[Event "Welcome Tournament for New Players #5c"]
[Site "SchemingMind.com"]
[Date "2008.03.30"]
[Round "-"]
[White "Chessmaster46"]
[Black "ufonaut"]
[Result "1-0"]
[WhiteCountry "USA"]
[BlackCountry "AUS"]
[WhiteElo "1857"]
[WhiteRD "162"]
[BlackElo "1530"]
[BlackRD "159"]
[GameID "148091"]

1. e4 c5 2. Nf3 d6 3. d4 cxd4 4. Nxd4 Nf6 5. Nc3 g6 6. Bg5 Bg7 7. Bb5+ Bd7 8. Qe2 O-O 9. O-O-O Nc6 10. Bxc6 bxc6
11. e5 dxe5 12. Nxc6 Bg4 13. Rxd8 Bxe2 14. Nxe7+ Kh8 15. Rxf8+ Rxf8 16. Nxe2 Ne4 17. Be3 a6 18. Rd1
1-0

[Event "Welcome Tournament for New Players #5c"]
[Site "SchemingMind.com"]
[Date "2008.04.02"]
[Round "-"]
[White "biszek"]
[Black "ufonaut"]
[Result "0-1"]
[WhiteCountry "POL"]
[BlackCountry "AUS"]
[WhiteElo "1204"]
[WhiteRD "166"]
[BlackElo "1530"]
[BlackRD "159"]
[GameID "148092"]

1. e4 c5 2. Nf3 d6 3. d4 Nf6 4. Nc3 cxd4 5. Qxd4 e5 6. Bb5+ Nc6 7. Qd3 Bd7 8. Bg5 Be7 9. O-O-O O-O 10. Bxf6 Nb4
11. Qc4 Bxb5 12. Qxb4 Bxf6
0-1